Loading...

Divine vision Studies in the poetry and art of William Blake /

Bibliographic Details
Main Author: Pinto, Vivian De Sola
Language:Undetermined
Published: 1957.
LEADER 00566nam a2200133Ia 4500
001 34738
008 170722s9999 xx 000 0 und d
100 |a Pinto, Vivian De Sola 
245 |a Divine vision  |b Studies in the poetry and art of William Blake / 
260 |c 1957. 
942 |c GEN 
999 |c 48344  |d 48344 
952 |0 0  |1 0  |4 0  |6 O_1L57G_J71J711  |7 0  |8 LC1  |9 68369  |a LIB  |b LIB  |d 2017-08-12  |h LC1  |o O-,1L57:g J71-J71;1  |p 59892  |r 2017-08-12  |w 2017-08-12  |y GEN 
952 |0 0  |1 0  |4 0  |6 O_1L57G_J71J711  |7 0  |8 LC1  |9 68370  |a LIB  |b LIB  |d 2017-08-12  |h LC1  |o O-,1L57:g J71-J71;1  |p 65748  |r 2017-08-12  |w 2017-08-12  |y GEN